Electronic Devices And Circuits/ (Record no. 2198)

MARC details
000 -LEADER
Fixed length control field 00441nam a2200169 4500
003 - CONTROL NUMBER IDENTIFIER
Control field SEACOMEC
005 - DATE AND TIME OF LATEST TRANSACTION
Control field 20250416134247.0
008 - FIXED-LENGTH DATA ELEMENTS--GENERAL INFORMATION
Fixed length control field 250416b |||||||| |||| 00| 0 eng d
020 ## - INTERNATIONAL STANDARD BOOK NUMBER / ISBN
International Standard Book Number 9788185749754
Price 425.00
040 ## - CATALOGING SOURCE
Original cataloging agency SEACOMEC
082 ## - DEWEY DECIMAL CLASSIFICATION NUMBER
Classification number 621.3815
Book Number G972
100 ## - MAIN ENTRY--PERSONAL NAME
Personal name Gupta, J B
245 ## - TITLE STATEMENT
Title Electronic Devices And Circuits/
Statement of responsibility J. B. Gupta
250 ## - EDITION STATEMENT
Edition statement 3rd ed.
260 ## - IMPRINT
Place of publication Delhi :
Name of publisher S. K. Kataria & Sons,
Date of publication 2009
942 ## - ADDED ENTRY ELEMENTS (KOHA)
Koha item type Books
Holdings
Withdrawn status Lost status Source of classification Damaged status Not for loan Home library Current library Date acquired Total Checkouts Call number Accession number Date last seen Price effective from Koha item type Copy number
    Dewey Decimal Classification     SEACOM ENGINEERING COLLEGE SEACOM ENGINEERING COLLEGE 16/02/2010   621.3815 G972 16062 16/04/2025 16/04/2025 Reference Books  
    Dewey Decimal Classification     SEACOM ENGINEERING COLLEGE SEACOM ENGINEERING COLLEGE 16/02/2010   621.3815 G972 16063 16/04/2025 16/04/2025 Books 1
    Dewey Decimal Classification     SEACOM ENGINEERING COLLEGE SEACOM ENGINEERING COLLEGE 16/02/2010   621.3815 G972 16064 16/04/2025 16/04/2025 Books 2
    Dewey Decimal Classification     SEACOM ENGINEERING COLLEGE SEACOM ENGINEERING COLLEGE 16/02/2010   621.3815 G972 16065 16/04/2025 16/04/2025 Books 3
    Dewey Decimal Classification     SEACOM ENGINEERING COLLEGE SEACOM ENGINEERING COLLEGE 16/02/2010   621.3815 G972 16066 16/04/2025 16/04/2025 Books 4
© Seacom Engineering College, All rights reserved.      Powered by Koha